[Event "Sydney International Open"]
[Site "Parramatta, NSW"]
[Date "2009.04.18"]
[Round "7.33"]
[White "Lester, George"]
[Black "Hursky, Karel"]
[Result "1-0"]
[WhiteElo "1801"]
[BlackElo "2084"]
[PlyCount "115"]
[EventDate "2009.04.15"]
[EventType "swiss"]
[EventRounds "9"]
[EventCountry "AUS"]
[SourceDate "2009.04.15"]

1. d4 Nf6 2. c4 e6 3. Nc3 Bb4 4. e3 O-O 5. Nge2 d5 6. a3 Be7 7. cxd5 exd5 8.
Ng3 Re8 9. Bd3 c5 10. O-O Nc6 11. dxc5 Bxc5 12. b4 Bb6 13. Na4 Bc7 14. Bb2 Be5
15. Bxe5 Nxe5 16. Nc5 g6 17. Bb5 Re7 18. Qd4 Qb6 19. a4 Bg4 20. f4 Ned7 21. f5
Ne5 22. h3 a6 23. Nce4 Nfd7 24. Bxd7 Qxd4 25. Nf6+ Kg7 26. exd4 Nxd7 27. Nxd7
Rxd7 28. hxg4 Rc8 29. Rac1 Rdc7 30. Ne2 gxf5 31. Rxc7 Rxc7 32. Rxf5 Rc4 33. a5
Rxb4 34. Rxd5 b6 35. axb6 Rxb6 36. Ra5 Rg6 37. g5 Kf8 38. Kf2 Ke7 39. Nf4 Rd6
40. Ke3 h6 41. gxh6 Rxh6 42. Nd5+ Kd7 43. Kf4 Rh4+ 44. g4 Rh6 45. Kf5 Rd6 46.
g5 Kd8 47. Rc5 Kd7 48. Nf6+ Ke7 49. d5 Rb6 50. Rc7+ Kd6 51. Rxf7 Rb1 52. Ra7
Rf1+ 53. Kg6 a5 54. Kf7 Rf5 55. g6 Ke5 56. Re7+ Kd6 57. g7 Rg5 58. Ne4+ 1-0

[Event "Sydney International Open"]
[Site "Parramatta, NSW"]
[Date "2009.04.18"]
[Round "7.34"]
[White "Zulfic, Fedja"]
[Black "Gibbons, Bob"]
[Result "1/2-1/2"]
[WhiteElo "1971"]
[BlackElo "2067"]
[PlyCount "55"]
[EventDate "2009.04.15"]
[EventType "swiss"]
[EventRounds "9"]
[EventCountry "AUS"]
[SourceDate "2009.04.15"]

1. d4 Nf6 2. c4 e6 3. Nf3 b6 4. e3 Bb7 5. Be2 Be7 6. a3 O-O 7. b4 c5 8. bxc5
bxc5 9. O-O d5 10. Nbd2 cxd4 11. exd4 dxc4 12. Nxc4 Nbd7 13. Bf4 Nd5 14. Bg3
Nc3 15. Qc2 Nxe2+ 16. Qxe2 Ba6 17. Qa2 Nb6 18. Nxb6 Qxb6 19. Rfc1 Rfc8 20. h3
Rxc1+ 21. Rxc1 Rc8 22. Rxc8+ Bxc8 23. d5 exd5 24. Qxd5 Qe6 25. Qa5 Qa6 26. Qc7
Qb7 27. Qe5 h6 28. a4 1/2-1/2

[Event "Sydney International Open"]
[Site "Parramatta, NSW"]
[Date "2009.04.18"]
[Round "7.35"]
[White "Voon, Richard"]
[Black "Lee, Bryan"]
[Result "1-0"]
[WhiteElo "2006"]
[BlackElo "1918"]
[PlyCount "133"]
[EventDate "2009.04.15"]
[EventType "swiss"]
[EventRounds "9"]
[EventCountry "AUS"]
[SourceDate "2009.04.15"]

1. c4 Nf6 2. Nc3 g6 3. e4 d6 4. d4 Bg7 5. Be2 O-O 6. Nf3 e5 7. O-O Nc6 8. d5
Ne7 9. Ne1 Nd7 10. Be3 f5 11. f3 Nf6 12. Nd3 f4 13. Bf2 g5 14. c5 h5 15. cxd6
cxd6 16. b3 Ng6 17. Nb2 Rf7 18. Rc1 Bf8 19. Nb5 a6 20. Nc3 Rb8 21. a4 Bd7 22.
Nd3 Rg7 23. Kh1 g4 24. g3 gxf3 25. Bxf3 Bh3 26. Rg1 Ng4 27. Qe1 Qg5 28. Ne2
fxg3 29. Rxg3 Nxf2+ 30. Nxf2 Bg4 31. Nxg4 hxg4 32. Rxg4 Qf6 33. Bg2 b5 34. a5
Rbb7 35. Ng3 Nf4 36. Rxg7+ Rxg7 37. Qd2 Qh4 38. Nf5 Rxg2 39. Qxg2+ Nxg2 40.
Nxh4 Nxh4 41. Rc6 Nf3 42. Rxa6 Bh6 43. Rxd6 Be3 44. a6 Nd2 45. a7 Bxa7 46. Rd8+
Kf7 47. Rd7+ Kf6 48. Rxa7 Nxb3 49. Rb7 Nc5 50. Rxb5 Nxe4 51. Kg2 Ke7 52. Kf3
Nd6 53. Rb4 Kd7 54. Rh4 Nb5 55. Ke4 Kd6 56. Rh6+ Kd7 57. Kxe5 Kd8 58. Rh7 Nc7
59. d6 Nb5 60. Rb7 Nc3 61. h4 Ke8 62. h5 Na4 63. h6 Nc5 64. Re7+ Kf8 65. h7
Nd3+ 66. Kd4 Ne5 67. h8=R# 1-0

[Event "Sydney International Open"]
[Site "Parramatta, NSW"]
[Date "2009.04.18"]
[Round "7.36"]
[White "Descallar, Levi"]
[Black "Guo, Emma"]
[Result "1-0"]
[WhiteElo "1984"]
[BlackElo "1845"]
[PlyCount "87"]
[EventDate "2009.04.15"]
[EventType "swiss"]
[EventRounds "9"]
[EventCountry "AUS"]
[SourceDate "2009.04.15"]

1. d4 Nf6 2. Nf3 g6 3. Bf4 d6 4. h3 Bg7 5. e3 Nbd7 6. Be2 c6 7. c3 O-O 8. Nbd2
Re8 9. e4 Qc7 10. O-O e5 11. dxe5 Nxe5 12. Nxe5 dxe5 13. Bh2 Be6 14. Qc2 Rad8
15. b3 Nd7 16. Bg3 Nb6 17. Bh4 Rd6 18. a4 Qd7 19. Rfd1 f5 20. a5 Na8 21. Nc4
Rxd1+ 22. Rxd1 Qc7 23. Nd6 Rf8 24. b4 fxe4 25. Nxe4 b6 26. Ng5 Bf7 27. Nxf7
Qxf7 28. Qe4 Qc7 29. Qc4+ Kh8 30. Qe6 Qf7 31. Qxc6 bxa5 32. Rd7 Qf4 33. Bg3
Qc1+ 34. Kh2 axb4 35. Qb7 Qh6 36. cxb4 Nb6 37. Rf7 Rg8 38. Qxa7 Nd5 39. b5 Qg5
40. Bc4 e4 41. Qb7 e3 42. Rxg7 Rxg7 43. Qb8+ Rg8 44. Be5+ 1-0

[Event "Sydney International Open"]
[Site "Parramatta, NSW"]
[Date "2009.04.18"]
[Round "7.37"]
[White "Camer, Angelito"]
[Black "Jule, Sebastian"]
[Result "1-0"]
[WhiteElo "2013"]
[BlackElo "1847"]
[PlyCount "97"]
[EventDate "2009.04.15"]
[EventType "swiss"]
[EventRounds "9"]
[EventCountry "AUS"]
[SourceDate "2009.04.15"]

1. d4 Nf6 2. c4 e6 3. g3 d5 4. Bg2 c6 5. Qc2 Na6 6. a3 Bd6 7. b3 Bd7 8. c5 Bb8
9. Bb2 Nh5 10. e4 dxe4 11. Bxe4 Nf6 12. Bg2 Nc7 13. Nf3 Ncd5 14. O-O O-O 15.
Nbd2 Re8 16. Rae1 Ne7 17. Ne5 Nf5 18. f4 Bc8 19. Qd3 h5 20. Nxc6 bxc6 21. Bxc6
Nd7 22. Bxa8 Nxc5 23. Qb5 Ba6 24. Qxc5 Bd6 25. Qxa7 Bxf1 26. Kxf1 Qxa8 27. Qxa8
Rxa8 28. Nc4 Be7 29. Ke2 g5 30. fxg5 Bxg5 31. Kd3 Ne7 32. Re5 Nf5 33. b4 Bf6
34. Ra5 Rd8 35. Ne5 Kg7 36. Kc4 Nd6+ 37. Kb3 Nf5 38. Nc6 Rd6 39. Rc5 Bxd4 40.
Nxd4 Nxd4+ 41. Bxd4+ Rxd4 42. Rxh5 f5 43. b5 Kg6 44. Rh8 Rd1 45. Kc2 Rd6 46. a4
e5 47. Rc8 Rd4 48. b6 Rd7 49. Rc7 1-0

[Event "Sydney International Open"]
[Site "Parramatta, NSW"]
[Date "2009.04.18"]
[Round "7.38"]
[White "Rosario, Amiel"]
[Black "Setiabudi, Allen"]
[Result "0-1"]
[WhiteElo "1969"]
[BlackElo "1843"]
[PlyCount "70"]
[EventDate "2009.04.15"]
[EventType "swiss"]
[EventRounds "9"]
[EventCountry "AUS"]
[SourceDate "2009.04.15"]

1. d4 Nf6 2. c4 c5 3. d5 b5 4. cxb5 a6 5. b6 Qxb6 6. Nc3 d6 7. e4 g6 8. a4 Bg7
9. a5 Qc7 10. Be2 O-O 11. Nf3 Nbd7 12. Nd2 Rb8 13. Nc4 Ne8 14. Qc2 Ne5 15. Nb6
f5 16. Nxc8 Qxc8 17. exf5 gxf5 18. O-O f4 19. f3 Nc7 20. Rd1 Qb7 21. Qe4 Qa7
22. Kh1 Rb4 23. Qc2 Qb7 24. Ra4 Rb8 25. Qf5 Rf8 26. Qc2 Re8 27. Ne4 Nxd5 28.
Ng5 Nf6 29. Bxf4 Rxb2 30. Bc4+ Kh8 31. Bxe5 Rxc2 32. Nf7+ Kg8 33. Nxd6+ Rxc4
34. Nxb7 Rxa4 35. Nxc5 Rxa5 0-1

[Event "Sydney International Open"]
[Site "Parramatta, NSW"]
[Date "2009.04.18"]
[Round "7.39"]
[White "Forster, Bill"]
[Black "Encel, Benjamin"]
[Result "0-1"]
[WhiteElo "1963"]
[BlackElo "1838"]
[PlyCount "112"]
[EventDate "2009.04.15"]
[EventType "swiss"]
[EventRounds "9"]
[EventCountry "AUS"]
[SourceDate "2009.04.15"]

1. e4 c5 2. Nf3 g6 3. c3 Bg7 4. d4 cxd4 5. cxd4 d5 6. e5 Nc6 7. Nc3 Bg4 8. Be2
e6 9. h3 Bxf3 10. Bxf3 a6 11. O-O Nge7 12. Be3 Nf5 13. g4 Nxe3 14. fxe3 Qh4 15.
Bg2 O-O 16. e4 dxe4 17. Nxe4 Rad8 18. Nd6 Nxe5 19. dxe5 Bxe5 20. Qe1 Qxe1 21.
Raxe1 Bxd6 22. Bxb7 a5 23. Re2 Rb8 24. Bg2 Bc5+ 25. Kh2 Bd4 26. b3 e5 27. Bd5
Kg7 28. Rc2 Rb6 29. g5 Rd6 30. Be4 h6 31. gxh6+ Kxh6 32. Rc6 Rxc6 33. Bxc6 f5
34. Bd5 Rc8 35. Bc4 Kg5 36. Kg2 Rh8 37. Bf7 Kf6 38. Bd5 Rc8 39. Bc4 e4 40. h4
Rh8 41. Rh1 f4 42. Be2 f3+ 43. Bxf3 exf3+ 44. Kxf3 Kf5 45. a3 Rb8 46. b4 axb4
47. axb4 Rxb4 48. Rd1 Be5 49. h5 Rb3+ 50. Kg2 gxh5 51. Rh1 Kg4 52. Kf1 h4 53.
Rg1+ Bg3 54. Kg2 Rb2+ 55. Kf1 Kf3 56. Rg2 Rb1# 0-1

[Event "Sydney International Open"]
[Site "Parramatta, NSW"]
[Date "2009.04.18"]
[Round "7.40"]
[White "Selnes, Hamish"]
[Black "Ruan, Harry"]
[Result "1-0"]
[WhiteElo "1921"]
[BlackElo "1815"]
[PlyCount "121"]
[EventDate "2009.04.15"]
[EventType "swiss"]
[EventRounds "9"]
[EventCountry "AUS"]
[SourceDate "2009.04.15"]

1. d4 d5 2. c4 e6 3. Nc3 Bb4 4. a3 Bxc3+ 5. bxc3 Nf6 6. e3 c5 7. cxd5 exd5 8.
Bd3 c4 9. Bc2 O-O 10. Ne2 a6 11. O-O b5 12. f3 Bb7 13. Ng3 Re8 14. Re1 Re6 15.
e4 dxe4 16. fxe4 Qe8 17. e5 Nd5 18. Bd2 f6 19. Ne4 Nd7 20. Nd6 Rxd6 21. exd6
Qf8 22. Qg4 Rd8 23. Re2 Qxd6 24. Qh5 Nf8 25. Rae1 Bc6 26. Be4 Qxa3 27. Qg4 Qd6
28. Bh6 g6 29. Bxd5+ Qxd5 30. Bxf8 Rxf8 31. Qe6+ Kg7 32. Qxd5 Bxd5 33. Re7+ Rf7
34. Rxf7+ Kxf7 35. Ra1 Bb7 36. Kf2 Ke6 37. g3 f5 38. Ke3 g5 39. h4 g4 40. Kf4
h6 41. Re1+ Be4 42. Ra1 Bb7 43. Ra2 Kf6 44. d5 Bxd5 45. Rxa6+ Ke7 46. Kxf5 Bf3
47. Rb6 h5 48. Rxb5 Bc6 49. Rb6 Be8 50. Kg5 Bf7 51. Rb7+ Ke6 52. Rxf7 Kxf7 53.
Kxh5 Ke6 54. Kxg4 Kd5 55. h5 Ke4 56. h6 Kd3 57. h7 Kxc3 58. h8=Q+ Kb3 59. Kf3
c3 60. g4 c2 61. Qa1 1-0

[Event "Sydney International Open"]
[Site "Parramatta, NSW"]
[Date "2009.04.18"]
[Round "7.41"]
[White "Anton, Sarah"]
[Black "Wang, Oscar"]
[Result "1/2-1/2"]
[WhiteElo "1718"]
[BlackElo "1910"]
[PlyCount "123"]
[EventDate "2009.04.15"]
[EventType "swiss"]
[EventRounds "9"]
[EventCountry "AUS"]
[SourceDate "2009.04.15"]

1. e4 c5 2. Nf3 e6 3. d4 cxd4 4. Nxd4 Nf6 5. Nc3 Nc6 6. a3 Be7 7. Be2 O-O 8.
O-O d5 9. exd5 Nxd5 10. Nxd5 exd5 11. c3 Nxd4 12. Qxd4 Bf6 13. Qd3 Be6 14. Bf3
Qd7 15. Be3 Rfd8 16. Rfd1 Qc6 17. Rac1 Qd6 18. Rd2 Rd7 19. Rcd1 Rad8 20. g3 g6
21. h4 a6 22. Kg2 Qc6 23. Bd4 Bf5 24. Qe3 Bxd4 25. Rxd4 b5 26. h5 Be6 27. Qe5
Qd6 28. Qg5 Qe7 29. Qxe7 Rxe7 30. hxg6 hxg6 31. a4 Red7 32. axb5 axb5 33. Rb4
Rb8 34. Be2 Rdb7 35. f4 f5 36. Kf3 Kf7 37. Ke3 Ke7 38. Kd4 Kd6 39. b3 Rb6 40.
Rh1 R6b7 41. Rh6 Bf7 42. Rh1 Be6 43. Ra1 Bd7 44. Ra5 Bc6 45. Bd3 Bd7 46. Be2
Rb6 47. Bf3 Be6 48. Be2 Bd7 49. Bf3 Be6 50. Ra7 R8b7 51. Rxb7 Rxb7 52. c4 Rc7
53. cxd5 Bd7 54. Bg2 Rc5 55. Kd3 Be8 56. Rd4 Bf7 57. b4 Rc1 58. Ke3 Rc3+ 59.
Kf2 Rc2+ 60. Kf1 Rc1+ 61. Ke2 Rc2+ 62. Kf3 1/2-1/2

[Event "Sydney International Open"]
[Site "Parramatta, NSW"]
[Date "2009.04.18"]
[Round "7.42"]
[White "Ousmand, Nizami"]
[Black "Abbott, Peter"]
[Result "0-1"]
[WhiteElo "1575"]
[BlackElo "1893"]
[PlyCount "104"]
[EventDate "2009.04.15"]
[EventType "swiss"]
[EventRounds "9"]
[EventCountry "AUS"]
[SourceDate "2009.04.15"]

1. e4 Nf6 2. e5 Nd5 3. c4 Nb6 4. d4 d6 5. f4 dxe5 6. fxe5 Nc6 7. Nf3 Bg4 8. Be3
e6 9. Bf2 Qd7 10. Nc3 Rd8 11. c5 Nd5 12. Qd2 Bxf3 13. gxf3 Nxc3 14. Qxc3 Nxd4
15. O-O-O Bxc5 16. Bc4 b5 17. Bxb5 Qxb5 18. Bxd4 Bxd4 19. Rxd4 Rxd4 20. Qxd4
Qb6 21. Rd1 Qxd4 22. Rxd4 Ke7 23. Ra4 Ra8 24. Rh4 h6 25. Rg4 g6 26. Rh4 h5 27.
Rc4 Kd7 28. Rf4 Rf8 29. Kc2 f6 30. Kd3 Ke7 31. Ke4 g5 32. Rxf6 Rxf6 33. exf6+
Kxf6 34. h3 e5 35. a3 c6 36. b3 Ke6 37. b4 a6 38. Ke3 Kf5 39. Kf2 e4 40. Ke3
exf3 41. Kxf3 Ke5 42. Ke3 Kd5 43. Kd3 g4 44. hxg4 hxg4 45. Ke3 Kc4 46. Kf4 Kb3
47. Kxg4 Kxa3 48. Kf4 Kxb4 49. Ke3 Kb3 50. Kd2 Kb2 51. Kd3 a5 52. Kc4 a4 0-1

[Event "Sydney International Open"]
[Site "Parramatta, NSW"]
[Date "2009.04.18"]
[Round "7.43"]
[White "Ousmand, Vineths"]
[Black "Ruan, Jack"]
[Result "0-1"]
[WhiteElo "1331"]
[BlackElo "1886"]
[PlyCount "136"]
[EventDate "2009.04.15"]
[EventType "swiss"]
[EventRounds "9"]
[EventCountry "AUS"]
[SourceDate "2009.04.15"]

1. d4 Nf6 2. Bg5 Ne4 3. Bf4 d5 4. f3 Nf6 5. Nc3 e6 6. e4 Bb4 7. e5 Nfd7 8. Bd3
c5 9. a3 Bxc3+ 10. bxc3 Nc6 11. Bb5 Qa5 12. Bxc6 bxc6 13. Bd2 Qd8 14. Ne2 Ba6
15. O-O O-O 16. Qe1 Qe7 17. Qf2 Rfc8 18. Rfe1 cxd4 19. cxd4 c5 20. c3 Nb6 21.
Qg3 Kh8 22. Nf4 Nc4 23. Nh5 Rg8 24. Bg5 Qf8 25. Nf6 gxf6 26. Bxf6+ Rg7 27.
Bxg7+ Qxg7 28. Qxg7+ Kxg7 29. f4 cxd4 30. cxd4 Nd2 31. Ra2 Nb3 32. Rd1 Bc4 33.
Rf2 a5 34. g4 a4 35. f5 Rf8 36. Kg2 Ba6 37. Kg3 Rc8 38. fxe6 fxe6 39. Rf6 Rc6
40. g5 Be2 41. Rb1 Bd3 42. Rd1 Bf5 43. h4 Rc4 44. Re1 Nxd4 45. h5 Rc3+ 46. Kf2
Rf3+ 47. Kg2 Rxa3 48. Rc1 Ra2+ 49. Kf1 Rc2 50. Ra1 Rc4 51. Ra2 Nc6 52. Rb2 Rb4
53. Ra2 Nxe5 54. Ra3 Ng4 55. h6+ Kg8 56. Rc3 Rc4 57. Rxf5 exf5 58. Ke2 Rxc3 59.
g6 hxg6 60. h7+ Kxh7 61. Kd2 Rh3 62. Kc2 a3 63. Kb1 Rh2 64. Ka1 f4 65. Kb1 f3
66. Ka1 Re2 67. Kb1 f2 68. Ka1 f1=Q# 0-1

[Event "Sydney International Open"]
[Site "Parramatta, NSW"]
[Date "2009.04.18"]
[Round "7.44"]
[White "Tan, Kevin"]
[Black "Wan, Kinto"]
[Result "1-0"]
[WhiteElo "1956"]
[BlackElo "1402"]
[PlyCount "57"]
[EventDate "2009.04.15"]
[EventType "swiss"]
[EventRounds "9"]
[EventCountry "AUS"]
[SourceDate "2009.04.15"]

1. e4 e5 2. f4 d6 3. Nf3 Bg4 4. fxe5 dxe5 5. Bc4 Bxf3 6. Qxf3 Nf6 7. d3 Bc5 8.
Bg5 Nbd7 9. Nc3 c6 10. O-O-O Qa5 11. Ne2 h6 12. Bd2 Qc7 13. Ng3 Nb6 14. Bb3
O-O-O 15. Nf5 Ne8 16. Rdf1 Kb8 17. Qg3 g5 18. h4 Nd6 19. hxg5 hxg5 20. Rxh8
Rxh8 21. Qxg5 Nd7 22. Qg7 Qd8 23. Nxd6 Bxd6 24. Bxf7 Be7 25. Be6 Nc5 26. Bb4
Nxd3+ 27. cxd3 Bxb4 28. Rf7 Bd2+ 29. Kc2 1-0

[Event "Sydney International Open"]
[Site "Parramatta, NSW"]
[Date "2009.04.18"]
[Round "7.45"]
[White "Barisic, Frank"]
[Black "Jule, Alexandra"]
[Result "0-1"]
[WhiteElo "1615"]
[BlackElo "1928"]
[PlyCount "130"]
[EventDate "2009.04.15"]
[EventType "swiss"]
[EventRounds "9"]
[EventCountry "AUS"]
[SourceDate "2009.04.15"]

1. Nf3 Nf6 2. g3 d5 3. d4 Nbd7 4. Bg2 e6 5. O-O c5 6. Bg5 h6 7. Bc1 b6 8. Nbd2
Bd6 9. Re1 Bb7 10. c4 O-O 11. Qc2 Rc8 12. b3 cxd4 13. Nxd4 Bc5 14. Bb2 Ba8 15.
Qd1 e5 16. Nb5 a6 17. Nc3 e4 18. Nxd5 Nxd5 19. cxd5 e3 20. fxe3 Bxe3+ 21. Kh1
b5 22. Rc1 Rxc1 23. Qxc1 Qg5 24. Rd1 Bxd5 25. Qc2 Bxg2+ 26. Kxg2 Qg4 27. Nf3
Nc5 28. Bd4 Bxd4 29. Rxd4 Qc8 30. Rd5 Ne6 31. Qxc8 Rxc8 32. Rd6 Ra8 33. Ne5 Re8
34. Kf2 Ng5 35. Rd5 Ne4+ 36. Kf3 Nc3 37. Rc5 b4 38. Ra5 Re6 39. Nd3 Rxe2 40.
Nxb4 Rxh2 41. Rxa6 h5 42. Ra8+ Kh7 43. a4 Rb2 44. a5 Rxb3 45. Nc6 Ra3 46. Ne5
f6 47. Nf7 Ra2 48. a6 g5 49. Nd6 Nd5 50. Ra7+ Kg6 51. Ra8 Nc7 52. Rg8+ Kh7 53.
Rf8 Rxa6 54. Rxf6 Nb5 55. Ne4 Rxf6+ 56. Nxf6+ Kg6 57. Ne4 g4+ 58. Kg2 Kf5 59.
Nf2 Nd4 60. Kh1 Ne2 61. Kg2 Nc3 62. Nh1 Ke4 63. Nf2+ Ke3 64. Nh1 Ne4 65. Kh2
Kf3 0-1

[Event "Sydney International Open"]
[Site "Parramatta, NSW"]
[Date "2009.04.18"]
[Round "7.46"]
[White "Lau, Joshua"]
[Black "Rachmadi, Herman"]
[Result "0-1"]
[WhiteElo "1862"]
[BlackElo "1842"]
[PlyCount "124"]
[EventDate "2009.04.15"]
[EventType "swiss"]
[EventRounds "9"]
[EventCountry "AUS"]
[SourceDate "2009.04.15"]

1. e4 c5 2. Nf3 d6 3. d4 cxd4 4. Nxd4 Nf6 5. Nc3 e6 6. Be3 a6 7. f3 b5 8. g4
Nfd7 9. Qd2 Nb6 10. O-O-O Bb7 11. h4 N8d7 12. h5 Qc7 13. g5 d5 14. exd5 Nxd5
15. Ne4 Rc8 16. Bd3 Nc5 17. Nxc5 Bxc5 18. Bf2 Nb4 19. a3 Nxd3+ 20. Qxd3 O-O 21.
Rd2 Rfd8 22. Qc3 Qf4 23. Be3 Bxd4 24. Qxc8 Rxc8 25. Bxf4 e5 26. Kb1 Bxf3 27.
Rh3 Bg4 28. Rh4 Bf5 29. Rhh2 f6 30. gxf6 gxf6 31. Bg3 Kf7 32. Bf2 Bxf2 33.
Rhxf2 Bg4 34. Rd6 f5 35. Rxa6 Rd8 36. Ra7+ Kf6 37. Rxh7 Rd1+ 38. Ka2 e4 39. h6
e3 40. Rh2 e2 41. Rxe2 Bxe2 42. Rc7 Rh1 43. h7 f4 44. Kb3 Bc4+ 45. Kc3 f3 46.
Rxc4 bxc4 47. Kd2 f2 48. h8=Q+ Rxh8 49. Ke2 Rb8 50. Kxf2 Rxb2 51. Ke3 Rxc2 52.
a4 Ke7 53. Kd4 Kd6 54. a5 Kc6 55. a6 Kb6 56. a7 Kxa7 57. Ke3 Kb6 58. Kd4 Kb5
59. Ke3 Kb4 60. Kd4 Rh2 61. Ke3 c3 62. Kd3 c2 0-1

[Event "Sydney International Open"]
[Site "Parramatta, NSW"]
[Date "2009.04.18"]
[Round "7.48"]
[White "Draup, Hj Abang Azman"]
[Black "Yu, Sally"]
[Result "1/2-1/2"]
[WhiteElo "1725"]
[BlackElo "1819"]
[PlyCount "70"]
[EventDate "2009.04.15"]
[EventType "swiss"]
[EventRounds "9"]
[EventCountry "AUS"]
[SourceDate "2009.04.15"]

1. d4 d5 2. Nf3 Nf6 3. c4 e6 4. Bg5 Nbd7 5. e3 c6 6. a3 Be7 7. Nbd2 O-O 8. Bd3
Re8 9. O-O Nf8 10. Ne5 N6d7 11. Bxe7 Qxe7 12. f4 f6 13. Nxd7 Bxd7 14. Nf3 dxc4
15. Bxc4 c5 16. Qb3 Rab8 17. a4 a6 18. Qa3 b5 19. axb5 axb5 20. Be2 c4 21. Qxe7
Rxe7 22. Ra7 Kf7 23. Rfa1 Bc6 24. Rxe7+ Kxe7 25. Ra7+ Nd7 26. Kf1 Ra8 27. Rxa8
Bxa8 28. Ke1 Nb6 29. Kd2 Na4 30. Kc1 Kd6 31. Ne1 Be4 32. Bf3 Kd5 33. Nc2 Bxf3
34. gxf3 c3 35. b3 Nb6 1/2-1/2

[Event "Sydney International Open"]
[Site "Parramatta, NSW"]
[Date "2009.04.18"]
[Round "7.49"]
[White "McKenzie, Mark"]
[Black "Zamahari, Abang Draup"]
[Result "0-1"]
[WhiteElo "1203"]
[BlackElo "1636"]
[PlyCount "72"]
[EventDate "2009.04.15"]
[EventType "swiss"]
[EventRounds "9"]
[EventCountry "AUS"]
[SourceDate "2009.04.15"]

1. d4 Nf6 2. c4 d5 3. Nc3 g6 4. Bg5 Bg7 5. Nf3 b6 6. e3 Bb7 7. Be2 Nbd7 8. Qb3
h6 9. Bxf6 Nxf6 10. cxd5 Nxd5 11. Nxd5 Bxd5 12. Bc4 Bxc4 13. Qxc4 O-O 14. O-O-O
a5 15. Ne5 Bxe5 16. dxe5 Qc8 17. Qf4 Kg7 18. Rd4 Qf5 19. Qg3 c5 20. Rf4 Qe6 21.
Kb1 Rad8 22. Rh4 Rd2 23. f4 Qf5+ 24. e4 Qxe4+ 25. Ka1 Rfd8 26. Qb3 Qe2 27. Rb1
Rd1 28. a3 Rxb1+ 29. Kxb1 Rd1+ 30. Ka2 Qe1 31. Qh3 Ra1+ 32. Kb3 Qd1+ 33. Kc4
Qa4+ 34. Kc3 Rc1+ 35. Kd3 Qb3+ 36. Ke2 Rc2+ 0-1

[Event "Sydney International Open"]
[Site "Parramatta, NSW"]
[Date "2009.04.18"]
[Round "8.1"]
[White "Ghane Gardeh, Shojaat"]
[Black "Johansen, Darryl"]
[Result "1/2-1/2"]
[WhiteElo "2415"]
[BlackElo "2452"]
[PlyCount "51"]
[EventDate "2009.04.15"]
[EventType "swiss"]
[EventRounds "9"]
[EventCountry "AUS"]
[SourceDate "2009.04.15"]

1. d4 Nf6 2. Nf3 e6 3. e3 b6 4. Bd3 Bb7 5. O-O c5 6. b3 Be7 7. Bb2 O-O 8. a3 d6
9. Nbd2 Nbd7 10. Qe2 Qc7 {Black offered a draw.} 11. c4 Rfe8 12. Ng5 h6 13. Nh3
Bf8 14. f4 d5 15. Nf3 dxc4 16. bxc4 Be4 17. Ne5 Qb7 18. g4 cxd4 19. Nxd7 Qxd7
20. Bxe4 Nxe4 21. exd4 f5 22. Nf2 Nxf2 23. Rxf2 Rac8 24. Rc1 Rc7 25. Rg2 Rec8
26. a4 1/2-1/2

[Event "Sydney International Open"]
[Site "Parramatta, NSW"]
[Date "2009.04.18"]
[Round "8.2"]
[White "Xie, George"]
[Black "Sriram, Jha"]
[Result "1/2-1/2"]
[WhiteElo "2402"]
[BlackElo "2453"]
[PlyCount "83"]
[EventDate "2009.04.15"]
[EventType "swiss"]
[EventRounds "9"]
[EventCountry "AUS"]
[SourceDate "2009.04.15"]

1. e4 e5 2. Nf3 Nc6 3. Nc3 Nf6 4. g3 Bc5 5. Bg2 d6 6. d3 a6 7. O-O h6 8. h3 Be6
9. Be3 Bxe3 10. fxe3 d5 11. exd5 Nxd5 12. Nxd5 Bxd5 13. c4 Be6 14. Qb3 Qd6 15.
Qxb7 O-O 16. Ne1 e4 17. c5 Qxc5 18. Qxc7 Qxe3+ 19. Kh2 Rac8 20. Qf4 Qd4 21.
dxe4 Qxb2 22. Nd3 Qa3 23. Nf2 Nb4 24. Ng4 Nd3 25. Nxh6+ gxh6 26. Qxh6 Qb2 27.
Rf6 Rfe8 28. Raf1 Ne5 29. R1f2 Rc2 30. Qg5+ Kf8 31. Rxc2 Qxc2 32. Qxe5 Bxh3 33.
Qd6+ Kg7 34. Kxh3 Rh8+ 35. Kg4 Qxg2 36. Rxf7+ Kxf7 37. Qd7+ Kg8 38. Qe8+ Kg7
39. Qe7+ Kg8 40. Qe8+ Kg7 41. Qe7+ Kg8 42. Qe8+ 1/2-1/2

[Event "Sydney International Open"]
[Site "Parramatta, NSW"]
[Date "2009.04.18"]
[Round "8.3"]
[White "Zhao, Zong Yuan"]
[Black "Rathnakaran, K."]
[Result "1-0"]
[WhiteElo "2583"]
[BlackElo "2427"]
[PlyCount "79"]
[EventDate "2009.04.15"]
[EventType "swiss"]
[EventRounds "9"]
[EventCountry "AUS"]
[SourceDate "2009.04.15"]

1. d4 Nf6 2. c4 c5 3. d5 e6 4. Nc3 exd5 5. cxd5 d6 6. e4 g6 7. h3 Bg7 8. Nf3
O-O 9. Bd3 a6 10. a4 Nbd7 11. O-O Rb8 12. Bf4 Qe7 13. Re1 Ne8 14. Qd2 f6 15. a5
b5 16. axb6 Rxb6 17. Qc2 Ne5 18. Nxe5 fxe5 19. Be3 Rf7 20. Nb1 Nf6 21. Nd2 Nh5
22. Nc4 Rb8 23. Bf1 Nf4 24. Ra3 Bf8 25. Na5 Qg5 26. Kh2 Qh5 27. Nc6 Nxh3 28.
gxh3 Bxh3 29. Bxh3 Rf3 30. Bxc5 Qxh3+ 31. Kg1 Rxa3 32. bxa3 Qg4+ 33. Kf1 Qh3+
34. Ke2 Rb3 35. Be3 Rxa3 36. Kd2 a5 37. Nd8 Qd7 38. Ne6 a4 39. Rc1 Be7 40. Qc6
1-0

[Event "Sydney International Open"]
[Site "Parramatta, NSW"]
[Date "2009.04.18"]
[Round "8.4"]
[White "Jones, Gawain"]
[Black "Satyapragyan, Swayangsu"]
[Result "1-0"]
[WhiteElo "2550"]
[BlackElo "2428"]
[Annotator "The House Of Kramnik"]
[PlyCount "49"]
[EventDate "2009.04.15"]
[EventType "swiss"]
[EventRounds "9"]
[EventCountry "AUS"]
[SourceDate "2009.04.15"]

1. e4 c5 2. Nc3 e6 3. f4 d5 4. Nf3 Be7 5. Bb5+ Bd7 6. Bxd7+ Qxd7 7. Ne5 Qd8 8.
Qh5 g6 9. Qh3 d4 10. Ne2 Nd7 11. O-O Ngf6 12. d3 O-O 13. Nf3 Re8 14. Ng5 Nf8
15. f5 exf5 16. exf5 Qd7 17. Ng3 Rac8 18. Bf4 Bd8 19. Bd6 Be7 20. N3e4 Nxe4 21.
Nxe4 Rc6 22. Bxe7 Qxe7 23. f6 Qe5 24. Qh6 Ne6 25. g4 {ICC tactics.} (25. Rae1
-- 26. Ng5 Qxg5 27. Rxe6 Qxh6 28. Rxe8+ Qf8) 1-0

[Event "Sydney International Open"]
[Site "Parramatta, NSW"]
[Date "2009.04.18"]
[Round "8.5"]
[White "Akshayraj, Kore"]
[Black "Neelotpal, Das"]
[Result "1-0"]
[WhiteElo "2404"]
[BlackElo "2514"]
[PlyCount "59"]
[EventDate "2009.04.15"]
[EventType "swiss"]
[EventRounds "9"]
[EventCountry "AUS"]
[SourceDate "2009.04.15"]

1. e4 c5 2. Nf3 e6 3. b3 b6 4. d4 cxd4 5. Nxd4 Bb7 6. Bd3 Qf6 7. c3 Nc6 8. Nxc6
Bxc6 9. O-O Qd8 10. Qe2 Bc5 11. a4 Nf6 12. b4 Be7 13. a5 d6 14. b5 Bd7 15. Be3
Rb8 16. c4 O-O 17. f4 d5 18. cxd5 exd5 19. e5 Ne4 20. f5 Re8 21. axb6 axb6 22.
Ra7 Bc5 23. e6 fxe6 24. Bxc5 bxc5 25. Bxe4 dxe4 26. f6 gxf6 27. Nc3 Re7 28.
Nxe4 Bxb5 29. Nxf6+ Kh8 30. Qe5 1-0

[Event "Sydney International Open"]
[Site "Parramatta, NSW"]
[Date "2009.04.18"]
[Round "8.6"]
[White "Lane, Gary"]
[Black "Kunte, Abhijit"]
[Result "0-1"]
[WhiteElo "2371"]
[BlackElo "2513"]
[PlyCount "72"]
[EventDate "2009.04.15"]
[EventType "swiss"]
[EventRounds "9"]
[EventCountry "AUS"]
[SourceDate "2009.04.15"]

1. e4 c5 2. Nf3 d6 3. d4 cxd4 4. Nxd4 Nf6 5. Nc3 a6 6. a4 e6 7. Be2 Be7 8. O-O
Nc6 9. Be3 O-O 10. f4 Bd7 11. Qe1 Nxd4 12. Bxd4 Bc6 13. Qg3 Qc7 14. a5 Rae8 15.
e5 dxe5 16. Bxe5 Qc8 17. Bd3 g6 18. f5 exf5 19. Rxf5 Bc5+ 20. Kh1 Ng4 21. Raf1
(21. Qxg4 Rxe5) 21... Rxe5 22. Rxe5 Bd6 23. Re8 Rxe8 24. Qxd6 Ne3 25. Re1 Nxg2
26. Rxe8+ Qxe8 27. Nd5 Ne3 28. c4 Nxd5 29. cxd5 Qe1+ 30. Kg2 Qd2+ 31. Kg1 Qg5+
32. Kf2 Qxd5 33. Qxd5 Bxd5 34. Ke3 Kg7 35. Kd4 Bc6 36. Ke5 f5 0-1